000 00349nam a2200133Ia 4500
008 240624s9999 xx 000 0 und d
041 _aeng
082 _a330 BOW
100 _aBOWMAKER SIMON W
245 _aHEART OF TEACHING ECONOMICS LESSONS FROM
260 _c2010
_aUK
_bEdward Elgar
300 _axvii, : 410 : p. : cm. ; 23
365 _cGBP
_b25
999 _c22093
_d22093